LEADER 00898nam a2200217 i 4500 001 000000171717 003 CaOOAMICUS 005 20080508000000.0 008 080508s1954 it u000 u ita u 013 $a149149 040 $aSeMil$bita 100 1 $aPerez Galdos, Benito.$0(OLS)http://semarc/name/64224 240 10$aMisericordia.$0(OLS)http://semarc/title/245719 245 10$aMisericordia /$cB. Perez Galdòs ; A cura di Camillo Berra. 260 $aTorino :$bUnione Tipografico-Editrice Torinese,$cstampa 1954. 300 $a318 p., [1] p. di ritratto ;$c19 cm. 700 1 $aBerra, Camillo.$0(OLS)http://semarc/name/8825 850 $aSeMil 852 $aSeMil$W1$xVenegono$y1$m1W III 17$j122581$B122581$CSeMilBibl$Z2$F133996 $81 996 $6245$aMisericordia$9(OLS)http://semarc/title/245720 996 $6260$aTorino :$bUnione Tipografico-Editrice Torinese$9(OLS)http://semarc/publisher/29628 LEADER 01291nam a2200265 i 4500 001 000000034571 003 CaOOAMICUS 005 20091127000000.0 008 091127s1988 be u000 u fre u 013 $a1261 040 $aSeMil$bita 100 1 $aMaron, Jean <627-707>.$0(OLS)http://semarc/name/10095 245 10$a[Versio]. 300 $aXII, 75 p. 490 0 $aCorpus Scriptorum Christianorum Orientalium ;$v498. Scriptores Syri ; 210 490 0 $aCorpus Scriptorum Christianorum Orientalium. Scriptores Syri ;$v210 650 4$aLetteratura religiosa siriaca - Testi.$0(OLS)http://semarc/subject/5951 700 1 $aBreydy, Michel.$0(OLS)http://semarc/name/10088 773 0 $aMaron, Jean <627-707>$tExposé de la foi et autres opuscules.$dLovanii : In aedibus Peeters, 1988.$kCorpus Scriptorum Christianorum Orientalium. Scriptores Syri$w()22552 830 0$aCorpus Scriptorum Christianorum Orientalium ;$v498. Scriptores Syri ; 210.$0(OLS)http://semarc/title/77 830 0$aCorpus Scriptorum Christianorum Orientalium. Scriptores Syri ;$v210.$0(OLS)http://semarc/title/9544 850 $aSeMil 852 $aSeMil$W1$xVenegono$y1$m2S III 498$j726$B726$CSeMilBibl$Z2$F726 $81 961 $aAcquisto: Casa editrice 996 $6245$a[Versio]$9(OLS)http://semarc/title/46822